| 000 | 01967nam a22002537a 4500 | ||
|---|---|---|---|
| 003 | Uzh_bibl | ||
| 008 | 260501b |||||||| |||| 00| 0 ukr d | ||
| 020 |
_a978-617-12-6850-0 _c155.00 |
||
| 040 | _bукр. | ||
| 041 |
_2ukr _aukr |
||
| 080 | _a821(477) | ||
| 090 |
_a821(477) _bД 26 |
||
| 100 | _aДегтяренко, Ярослава | ||
| 245 |
_aЗраджений гетьман _hТекст |
||
| 260 |
_aХарків _bКнижковий Клуб "Клуб Сімейного Дозвілля" _c2019 |
||
| 300 |
_a432 с. _fВ опр. |
||
| 520 | _aЦар Олексій оголошує Україні війну. Лесько, намагаючись повернути кохання Олесі, дізнається, що вона вийшла заміж за іншого. З розбитим серцем хлопець кидається у вир війни, чекаючи нагоди загинути як справжній воїн. Але, схоже, на нього покладена важлива місія і помирати йому зарано. Тим часом гетьман Виговський шукає союзників, щоб протистояти військовій агресії Московії. Поки гетьман зайнятий війною, усіма забутий Юрась Хмельниченко, піддавшись на вмовляння свого дядька Якима Сомка, організовує проти Виговського змову. Ситуація в країні стає напруженою. Чим обернеться для України прагнення волі? | ||
| 521 | _aДля широкого кола читачів | ||
| 546 | _aукр. | ||
| 650 | _aЛітературно- художнє видання | ||
| 653 |
_aВійна _aЗмова |
||
| 655 |
_aСучасна українська проза _vРоман |
||
| 942 |
_2udc _cBK |
||
| 999 |
_c17605 _d17605 |
||